The oxford India anthology of modern Malayalam literature : (Record no. 143118)

MARC details
000 -LEADER
fixed length control field 00816nam a22002177a 4500
005 - DATE AND TIME OF LATEST TRANSACTION
control field 20170906162735.0
010 ## - LCCN (DPL NO)
LC control number ENG-119522-523
020 ## - INTERNATIONAL STANDARD BOOK NUMBER
Terms of availability 1668.00(set of vols)
International Standard Book Number 9780199465156 (vol-1)
020 ## - INTERNATIONAL STANDARD BOOK NUMBER
Terms of availability 1668.00(set of vols)
International Standard Book Number 9780199465163(vol-2)
035 ## - SYSTEM CONTROL NUMBER
System control number EN-103054-055
037 ## - SOURCE OF ACQUISITION
Source of stock number/acquisition DBAD/PUB
082 ## - DEWEY DECIMAL CLASSIFICATION NUMBER
Classification number 872.3
245 ## - TITLE STATEMENT
Title The oxford India anthology of modern Malayalam literature :
Statement of responsibility, etc edited by P.P. Raveendra [and] G.S. Jaysree ; project editor Mini Krishnan
Remainder of title fiction/
260 ## - PUBLICATION, DISTRIBUTION, ETC. (IMPRINT)
Place of publication, distribution, etc New Delhi
Name of publisher, distributor, etc Oxford University Press
Date of publication, distribution, etc 2017
270 ## - ADDRESS
Address YMCA Library Building-1 Jaisingh road
City New Delhi
Postal code 110001
300 ## - PHYSICAL DESCRIPTION
Extent 2-vols-(xxviii,515p. ; xxvi,432p.)
Dimensions 20cm(pbk)
700 ## - ADDED ENTRY--PERSONAL NAME
Personal name P.P. Raveendra
700 ## - ADDED ENTRY--PERSONAL NAME
Personal name G.S. Jaysree
700 ## - ADDED ENTRY--PERSONAL NAME
Personal name Mini Krishnan
942 ## - ADDED ENTRY ELEMENTS (KOHA)
Source of classification or shelving scheme Dewey Decimal Classification
Item type English Books
Call number suffix THE
Classification part 872.3
Holdings
Withdrawn status Lost status Materials specified (bound volume or other part) Not for loan Collection code Home library Current library Date acquired Source of acquisition Cost, normal purchase price Full call number Barcode Copy number Cost, replacement price Koha item type
    vol-2 Not For Loan Fiction D.B.Act.Division D.B.Act.Division 04/08/2017 DBAD/PUB 1668.00 872.3 THE EN-103055 1 1668.00 English Books
    vol-1   Fiction Patel Nagar Patel Nagar 04/08/2017 DBAD/PUB 1668.00 872.3 THE EN-103054 1 1668.00 English Books

© Delhi Public Library
Hit Counter
free hit counter